000 00623nam a2200193Ia 4500
003 GCL
008 140319s9999 xx 000 0 ara d
040 _aGCL /
_cGCL
082 0 4 _a811.2
_bم ر
100 1 _aمعوض عوض ابراهيم
245 1 0 _aالرسول والرسالة فى شعر ابى طالب: نظرة فى مواقف ابى طالب وشعرة /
_cمعوض عوض ابراهيم
300 _a79 ص
490 _a
650 0 4 _aالاسلام
650 0 4 _aالشعر الاسلامى
650 0 4 _aابوطالب
650 0 4 _aالشعر العربى - صدر الاسلام
942 _2ddc
_cBK
999 _c38556
_d38556